<?xml version="1.0" encoding="UTF-8"?>
<record
    xmlns:xsi="http://www.w3.org/2001/XMLSchema-instance"
    xsi:schemaLocation="http://www.loc.gov/MARC21/slim http://www.loc.gov/standards/marcxml/schema/MARC21slim.xsd"
    xmlns="http://www.loc.gov/MARC21/slim">

  <leader>00588nam a22001571i 4500</leader>
  <controlfield tag="001">1211</controlfield>
  <datafield tag="090" ind1=" " ind2=" ">
    <subfield code="a">1211</subfield>
  </datafield>
  <datafield tag="100" ind1=" " ind2=" ">
    <subfield code="a">20170304u        u  u0frey50      ba</subfield>
  </datafield>
  <datafield tag="101" ind1="1" ind2=" ">
    <subfield code="a">por</subfield>
    <subfield code="c">fra</subfield>
  </datafield>
  <datafield tag="200" ind1="1" ind2=" ">
    <subfield code="f">Roger Mucchielli</subfield>
    <subfield code="a">A personalidade da crian&#xE7;a</subfield>
    <subfield code="e">sua forma&#xE7;&#xE3;o do nascimento at&#xE9; ao fim da adolesc&#xEA;ncia</subfield>
  </datafield>
  <datafield tag="215" ind1=" " ind2=" ">
    <subfield code="a">222, [2] p.</subfield>
    <subfield code="c">il.</subfield>
    <subfield code="d">22 cm</subfield>
  </datafield>
  <datafield tag="702" ind1=" " ind2="1">
    <subfield code="a">Costa</subfield>
    <subfield code="b">Raquel Pinto da</subfield>
    <subfield code="4">730</subfield>
  </datafield>
  <datafield tag="700" ind1=" " ind2="1">
    <subfield code="a">Mucchielli</subfield>
    <subfield code="b">Roger</subfield>
    <subfield code="4">070</subfield>
  </datafield>
  <datafield tag="210" ind1=" " ind2=" ">
    <subfield code="c">Livraria Cl&#xE1;ssica</subfield>
    <subfield code="a">Lisboa</subfield>
    <subfield code="d">imp. 1976</subfield>
  </datafield>
  <datafield tag="996" ind1=" " ind2=" ">
    <subfield code="f">0001307</subfield>
    <subfield code="k">MUC</subfield>
    <subfield code="m">00000000</subfield>
    <subfield code="n">00000000</subfield>
    <subfield code="a">BMVA</subfield>
    <subfield code="b">1</subfield>
    <subfield code="v">Viana do Alentejo</subfield>
    <subfield code="x">Educa&#xE7;&#xE3;o. Ensino. Pedagogia</subfield>
    <subfield code="y">21</subfield>
    <subfield code="e">Livro</subfield>
    <subfield code="1">0</subfield>
    <subfield code="3">1</subfield>
  </datafield>
  <datafield tag="990" ind1=" " ind2=" ">
    <subfield code="c">LIVROS</subfield>
  </datafield>
  <datafield tag="995" ind1=" " ind2=" ">
    <subfield code="0">0</subfield>
    <subfield code="1">0</subfield>
    <subfield code="9">1427</subfield>
    <subfield code="b">BMVA</subfield>
    <subfield code="d">BMVA</subfield>
    <subfield code="f">0001310</subfield>
    <subfield code="k">159.9 MUC</subfield>
    <subfield code="o">0</subfield>
    <subfield code="r">LIVROS</subfield>
    <subfield code="u">Em dep&#xF3;sito caixa 34 VNT</subfield>
  </datafield>
</record>
